Rynek kanałów TV w Polsce w grudniu 2025 - Statystyki

Ogólne statystyki
  • Ten quiz został rozwiązany 36 razy
  • Średni wynik to 11 z 20
Statystyki odpowiedzi
Pozycja Udział w procentach Kanał telewizyjny % Poprawnych
1. 7,49 Polsat
100%
2. 6,86 TVN
97%
3. 6,24 TVP2
97%
4. 5,93 TVP1
94%
7. 3,44 TV PULS
78%
12. 1,64 TVP Info
72%
6. 4,24 TVN24
69%
8. 3,22 TVN7
69%
16. 1,16 Polsat News
63%
9. 2,74 TV4
63%
13. 1,62 Puls 2
59%
5. 5,05 Republika
50%
10. 1,97 TTV
44%
11. 1,77 TV6
28%
15. 1,28 TVP Seriale
28%
18. 1,12 Stopklatka
25%
19. 1,02 Fokus TV
22%
20. 0,94 Super Polsat
22%
14. 1,38 wPolsce24
19%
17. 1,13 Wydarzenia24
16%
Nie znaleziono quizów pasujących do podanych kryteriów
Rozkład punktacji
Procent ludzi z każdym wynikiem
Percentyl według liczby udzielonych odpowiedzi
Twoja historia wyników
Nie rozwiązałeś tego quizu